000 00922mam a2200289 a 4500
001 50210
003 BD-RjUL
005 20211209075456.0
008 160824s1971 sw bd bs 001 0 eng d
035 _a(OCoLC)ocm46851747
035 _a(BD-RjUL)50330
035 _a(NNC)2971171
040 _aVOD
_cVOD
_dNNC
_beng
041 _aeng
082 _223
_a385
_bSRE 1971
090 _aHC380.T7
_bT46 2000
100 1 _aSrivastava, S.K.
_d1913-
_9150506
245 1 0 _aEconomics of transport :
_bwith special reference to transport development in india /
_cS.K. Srivastava
250 _a5th edi.
260 _aNew delhi:
_bS.Chand,
_c1971
300 _a548 p. :
_bill.;
_c23 cm.
490 1 _aLund studies in economic history ;
_v12
504 _aIncludes bibliographical references and indexes.
650 0 _aTransportation
_9150507
830 0 _aLund studies in economic history ;
_v12.
_9150508
942 _2ddc
_cBK
999 _c50210
_d50210